[Event "Indywidualne Mistrzostwa Polski Mlodzikow do lat 10 - Chlopcy"]
[Site "Szklarska Poreba"]
[Date "1899-12-30"]
[Round "5.7"]
[White "Oglaza, Dawid"]
[Black "Suska, Szymon"]
[Result "1/2-1/2"]
[WhiteTitle "II"]
[BlackTitle "II"]
[WhiteElo "1124"]
[BlackElo "1362"]

1. e4 c5 2. Nf3 e6 3. d4 cxd4 4. Nxd4 Nc6 5. Nc3 Qc7 6. Be3 a6 7. Be2 Nf6 8. a3
b5 9. Nxc6 Qxc6 10. e5 Nd5 11. Nxd5 exd5 12. Bf3 Bb7 13. O-O Bc5 14. Bxd5 Qxd5
15. Qxd5 Bxd5 16. Bxc5 Rc8 17. b4 h5 18. f4 Rh6 19. f5 g6 20. Be3 Rxc2 21. Rf2
Rxf2 22. Kxf2 Rh8 23. f6 d6 24. exd6 Kd7 25. Bf4 g5 26. Bxg5 Kxd6 27. h4 Rc8 28.
Rc1 Rxc1 29. Bxc1 Ke5 30. Bb2+ Ke4 31. Ke2 Bc4+ 32. Kd2 Kf4 33. Ke1 Kg3 34. Bc1
Kxh4 35. Kf2 Kg4 36. g3 Kf5 1/2-1/2

[Event "Indywidualne Mistrzostwa Polski Mlodzikow do lat 10 - Chlopcy"]
[Site "Szklarska Poreba"]
[Date "1899-12-30"]
[Round "5.8"]
[White "Wojtacha, Krzysztof"]
[Black "Przybylski, Jan"]
[Result "0-1"]
[WhiteTitle "II"]
[BlackTitle "II"]
[WhiteElo "1280"]
[BlackElo "1140"]

1. e4 c5 2. Nf3 e6 3. d4 cxd4 4. Nxd4 Nf6 5. Nc3 d6 6. f4 a6 7. Bd3 Be7 8. Nf3
b5 9. a3 Bb7 10. O-O Qc7 11. Kh1 Nbd7 12. Bd2 O-O 13. Qe1 Nc5 14. Rc1 Rac8 15.
Qe2 Nxd3 16. cxd3 Qb8 17. Qe1 Nd7 18. b4 Rfd8 19. Qg3 e5 20. f5 Nf6 21. Bh6 Bf8
22. Bg5 Be7 23. h3 Kf8 24. Nh2 h6 25. Bxf6 Bxf6 26. h4 Be7 27. Qg4 Qa7 28. Qh3
Qd4 29. Nb1 Qb2 30. Rcd1 d5 31. Rd2 Rc2 32. Rxc2 Qxc2 33. exd5 Bxd5 34. Rg1 Bb7
35. Qg3 Rxd3 36. Qg4 Rb3 37. Qd1 Bxg2+ 38. Rxg2 Qxd1+ 39. Rg1 Qd5+ 40. Rg2 Rxb1+
41. Nf1 Rxf1+ 42. Kh2 e4 43. f6 Bd6+ 44. Kh3 Qf5+ 45. Rg4 Qf3+ 46. Rg3 Rh1# 0-1

[Event "Indywidualne Mistrzostwa Polski Mlodzikow do lat 10 - Chlopcy"]
[Site "Szklarska Poreba"]
[Date "1899-12-30"]
[Round "5.9"]
[White "Kozak, Karol"]
[Black "Zmarzly, Wiktor"]
[Result "1/2-1/2"]
[WhiteTitle "II"]
[BlackTitle "II"]
[WhiteElo "1133"]
[BlackElo "1226"]

1. e4 c5 2. Nf3 Nc6 3. d4 cxd4 4. Nxd4 Nf6 5. Nc3 d6 6. f3 e5 7. Nb3 Be6 8. Nd5
Bxd5 9. exd5 Nd4 10. Nxd4 exd4 11. Bb5+ Nd7 12. Bxd7+ Qxd7 13. Qxd4 b6 14. O-O
O-O-O 15. Qc4+ Qc7 16. Qxc7+ Kxc7 17. Bf4 h6 18. c4 g5 19. Bg3 Bg7 20. Rab1 Bd4+
21. Bf2 Bxf2+ 22. Kxf2 Rhe8 23. Rfe1 a5 24. b3 Re5 25. Rxe5 dxe5 26. Re1 Kd6 27.
Ke3 f5 28. Kd3 Re8 29. a3 Ra8 30. Rf1 Ra7 31. g4 Rf7 32. Ke2 fxg4 33. fxg4 Rf4
34. Rxf4 exf4 35. Kf3 Ke5 36. h3 Kd6 37. h4 Ke5 38. hxg5 hxg5 39. Kf2 Kd6 40.
Ke2 Ke5 41. Kf3 Kd6 42. Ke4 Kd7 43. b4 axb4 44. axb4 Kd6 45. b5 Kc5 1/2-1/2

[Event "Indywidualne Mistrzostwa Polski Mlodzikow do lat 10 - Chlopcy"]
[Site "Szklarska Poreba"]
[Date "1899-12-30"]
[Round "5.11"]
[White "Macura, Mateusz"]
[Black "Grobelny, Mikolaj"]
[Result "0-1"]
[WhiteTitle "II"]
[BlackTitle "II+"]
[WhiteElo "1095"]
[BlackElo "1177"]

1. e4 c5 2. Nc3 Nc6 3. g3 g6 4. Bg2 Bg7 5. d3 d6 6. f4 e6 7. Nf3 Nge7 8. Be3 O-O
9. O-O Rb8 10. Rb1 b5 11. a3 a5 12. Ne2 b4 13. axb4 axb4 14. b3 Ra8 15. h3 Ra2
16. g4 f5 17. g5 Bd7 18. Ng3 Qa5 19. h4 Ra8 20. h5 Ra1 21. Rxa1 Qxa1 22. Qe2 Qb2
23. e5 dxe5 24. fxe5 Bxe5 25. Bc1 Bd4+ 26. Nxd4 Qxd4+ 27. Be3 Qc3 28. Bf2 Ra2
29. hxg6 hxg6 30. Rc1 Nd4 31. Bxd4 Qxd4+ 32. Kh1 Qh4+ 33. Kg1 Qxg3 34. Qd2 Nd5
35. Rf1 Qe3+ 36. Qf2 Qxf2+ 37. Rxf2 Ne3 38. Re2 Nxg2 39. Kxg2 Bc6+ 40. Kg3 Bd5
41. Kf4 Bxb3 42. Kg3 Rxc2 43. Re5 Rc3 44. Kf4 Bd5 45. Ke3 c4 46. Kd4 Rxd3+ 47.
Kc5 c3 48. Re1 c2 49. Rc1 b3 50. Ra1 b2 51. Ra7 c1=Q+ 52. Kd6 Bb3+ 53. Ke5 Qc3+
54. Kf4 Qd4# 0-1

[Event "Indywidualne Mistrzostwa Polski Mlodzikow do lat 10 - Chlopcy"]
[Site "Szklarska Poreba"]
[Date "1899-12-30"]
[Round "5.13"]
[White "Kubik, Bartosz"]
[Black "Kawa, Bartlomiej"]
[Result "1-0"]
[WhiteTitle "II"]
[BlackTitle "II"]
[WhiteElo "1148"]
[BlackElo "1060"]

1. d4 d5 2. c4 e6 3. Nc3 Nf6 4. cxd5 exd5 5. Bg5 Be7 6. e3 a6 7. Qc2 Nc6 8. a3
O-O 9. Bd3 h6 10. Bf4 Bd6 11. Bg3 Re8 12. Nge2 Nh5 13. Rc1 Be6 14. Bxd6 Qxd6 15.
Ng3 Nf6 16. O-O Qd7 17. Na4 Qc8 18. Nc5 Bd7 19. Rfe1 Re7 20. Nf5 Re8 21. Nh4 Kh8
22. Nf3 Kg8 23. Nd2 Kh8 24. f4 Kg8 25. h3 Kh8 26. Kh2 Bg4 27. Nf3 Bh5 28. Ne5
Nxe5 29. dxe5 Ng8 30. g4 Bxg4 31. hxg4 c6 32. Bf5 Qc7 33. Kg3 Ne7 34. Rh1 Nxf5+
35. Qxf5 Kg8 36. g5 g6 37. Qf6 h5 38. e6 Qe7 39. exf7+ Qxf7 40. Qxf7+ Kxf7 41.
Nxb7 Re6 42. Kf3 Rb8 43. Nc5 Re7 44. b4 Rbe8 45. Rhe1 Ra8 46. Nd3 a5 47. Rxc6
Kg7 48. Ne5 Rxe5 49. fxe5 Rf8+ 50. Rf6 Re8 51. e6 axb4 52. axb4 Re7 53. Rd1 Rb7
54. Rxd5 Rxb4 55. Rf7+ 1-0

[Event "Indywidualne Mistrzostwa Polski Mlodzikow do lat 10 - Chlopcy"]
[Site "Szklarska Poreba"]
[Date "1899-12-30"]
[Round "5.14"]
[White "Uhryn, Mateusz"]
[Black "Wozniak, Mateusz"]
[Result "1-0"]
[WhiteTitle "II"]
[BlackTitle "II"]
[WhiteElo "1410"]
[BlackElo "1122"]

1. c4 e5 2. Nc3 Nc6 3. Nf3 g6 4. g3 Bg7 5. Bg2 d6 6. O-O f5 7. d3 Nf6 8. Bg5 O-O
9. Rb1 h6 10. Bxf6 Qxf6 11. b4 Be6 12. Nd5 Bxd5 13. cxd5 Ne7 14. Nd2 g5 15. Qb3
g4 16. Rbc1 Rac8 17. Qa4 a6 18. Qa5 b6 19. Qxa6 Ra8 20. Qb7 Rxa2 21. Rxc7 Rxd2
22. Rxe7 Rxe2 23. Rc1 h5 24. Rcc7 Bh6 25. Bf1 Re1 26. Re6 Qg5 27. Rxd6 f4 28.
Qxb6 Bg7 29. Rg6 Qf5 30. Rgxg7+ Kh8 31. Qh6+ Qh7 32. Qxh7# 1-0

[Event "Indywidualne Mistrzostwa Polski Mlodzikow do lat 10 - Chlopcy"]
[Site "Szklarska Poreba"]
[Date "1899-12-30"]
[Round "5.15"]
[White "Trusewicz, Jakub"]
[Black "Kwapisz, Piotr"]
[Result "1-0"]
[WhiteTitle "II"]
[BlackTitle "II"]
[WhiteElo "1136"]
[BlackElo "1326"]

1. e4 d5 2. exd5 Qxd5 3. Nc3 Qd6 4. d4 Nf6 5. Bc4 a6 6. Nf3 Nc6 7. O-O Bg4 8. a3
e6 9. Qd3 O-O-O 10. b4 Bxf3 11. Qxf3 Qxd4 12. Bxa6 Qb6 13. Bd3 Nd4 14. Qh3 Qc6
15. Bb2 Qd7 16. Rad1 Bd6 17. Ne4 Nxe4 18. Bxe4 Ne2+ 19. Kh1 Nf4 20. Qf3 f6 21.
Bxb7+ Kb8 22. Ba8 c6 23. Bxc6 Qc7 24. b5 h5 25. b6 Qe7 26. Qe4 Kc8 27. b7+ Kc7
28. Qc4 Kb8 29. Bc3 Be5 30. Ba5 Bc7 31. Bxc7+ Qxc7 32. Qa6 Qe7 33. Rb1 Kc7 34.
Qc4 e5 35. b8=Q+ Rxb8 36. Ba4+ Kd8 37. Rfd1+ Nd5 38. Rxb8# 1-0

[Event "Indywidualne Mistrzostwa Polski Mlodzikow do lat 10 - Chlopcy"]
[Site "Szklarska Poreba"]
[Date "1899-12-30"]
[Round "5.16"]
[White "Bochniak, Franciszek"]
[Black "Cichon, Aleksander"]
[Result "1-0"]
[WhiteTitle "II"]
[BlackTitle "III"]
[WhiteElo "1263"]
[BlackElo "1085"]

1. e4 e5 2. Nf3 Nc6 3. Bb5 d6 4. d4 Bd7 5. O-O Nf6 6. Re1 Be7 7. Nc3 exd4 8. Nxd4
Nxd4 9. Bxd7+ Qxd7 10. Qxd4 h5 11. Bg5 c5 12. Qd3 O-O-O 13. Rad1 h4 14. Qf3 Nh7
15. Bxe7 Qxe7 16. Qf5+ Kb8 17. Nd5 Qe6 18. Qxe6 fxe6 19. Nf4 e5 20. Ng6 Rhg8 21.
Nxh4 g5 22. Nf5 Rg6 23. Rd5 g4 24. Red1 Kc7 25. Kf1 Ng5 26. Ng3 Ne6 27. c3 Nf4
28. R5d2 Rf8 29. Nf5 Rff6 30. Ne7 Rh6 31. Nd5+ Nxd5 32. Rxd5 Rxh2 33. Kg1 Rfh6
34. Kf1 Rh1+ 35. Ke2 R1h2 36. Rg1 Rh1 37. Rxh1 Rxh1 38. Rd1 Rxd1 39. Kxd1 Kd7
40. Kd2 c4 41. Ke3 Ke6 42. a3 a6 43. a4 a5 44. f3 gxf3 45. Kxf3 Kf6 46. Kg4 Kg6
47. Kh4 Kh6 48. g4 Kg6 49. g5 Kg7 50. Kh5 Kh7 51. g6+ Kg7 52. Kg5 Kg8 53. Kf6
1-0

[Event "Indywidualne Mistrzostwa Polski Mlodzikow do lat 10 - Chlopcy"]
[Site "Szklarska Poreba"]
[Date "1899-12-30"]
[Round "5.17"]
[White "Sienicki, Oliwier"]
[Black "Klim, Juliusz"]
[Result "0-1"]
[WhiteTitle "II"]
[BlackTitle "II"]
[WhiteElo "1135"]
[BlackElo "1239"]

1. e4 e5 2. Nf3 Nc6 3. Bb5 a6 4. Ba4 Nf6 5. O-O b5 6. Bb3 Bc5 7. a4 Rb8 8. c3 d6
9. d4 exd4 10. cxd4 Bb6 11. Re1 O-O 12. axb5 axb5 13. Nc3 b4 14. Nd5 Bg4 15. Nxb6
Bxf3 16. Qxf3 Nxd4 17. Qe3 Nxb3 18. Qxb3 Rxb6 19. Bf4 Re8 20. e5 Qe7 21. Qe3 dxe5
22. Bxe5 Re6 23. Bxf6 Qxf6 24. Qd2 Qxb2 25. Ra8 Rxa8 26. Qc1 Rxe1+ 27. Qxe1 Ra1
28. Kf1 Rxe1+ 29. Kxe1 b3 30. g3 Qc2 31. Kf1 Qe4 32. f3 Qc2 33. h4 b2 34. h5 b1=R#
0-1

[Event "Indywidualne Mistrzostwa Polski Mlodzikow do lat 10 - Chlopcy"]
[Site "Szklarska Poreba"]
[Date "1899-12-30"]
[Round "5.18"]
[White "Makuch, Tomasz"]
[Black "Zielonka, Adam"]
[Result "0-1"]
[WhiteTitle "II"]
[BlackTitle "II"]
[WhiteElo "1098"]
[BlackElo "1177"]

1. e4 c6 2. d4 d5 3. exd5 cxd5 4. c4 Nf6 5. Nc3 e6 6. c5 Nc6 7. a3 Be7 8. Nf3 O-O
9. Bd3 a6 10. O-O Nd7 11. Qc2 g6 12. Bh6 Re8 13. b4 Bf6 14. Be3 Bg7 15. b5 axb5
16. Nxb5 Na7 17. Nd6 Rf8 18. Qc1 Nc6 19. Bh6 Nxd4 20. Nxd4 Bxd4 21. c6 bxc6 22.
Qxc6 Rb8 23. Rab1 Bg7 24. Bxg7 Kxg7 25. Rfc1 Rxb1 26. Bxb1 Ne5 27. Qc5 Bd7 28.
Qd4 Qf6 29. Re1 Nf3+ 30. gxf3 Qxd4 31. Rc1 Qa4 32. Kg2 Qxa3 33. Nf5+ gxf5 34.
Rg1 Kh8 0-1

[Event "Indywidualne Mistrzostwa Polski Mlodzikow do lat 10 - Chlopcy"]
[Site "Szklarska Poreba"]
[Date "1899-12-30"]
[Round "5.20"]
[White "Jasiulewicz, Kamil"]
[Black "Dietrich, Pawel"]
[Result "0-1"]
[WhiteTitle "II"]
[BlackTitle "II"]
[WhiteElo "1075"]
[BlackElo "1150"]

1. d4 d5 2. Nf3 Nf6 3. Bg5 e6 4. Nbd2 Be7 5. e3 O-O 6. Bd3 b6 7. c3 Bb7 8. O-O
Nbd7 9. Qe2 c5 10. b3 h6 11. Bh4 Rc8 12. c4 Ne4 13. Bxe7 Qxe7 14. Qd1 Ndf6 15.
g3 dxc4 16. bxc4 Rfd8 17. Qc2 Nxd2 18. Nxd2 cxd4 19. exd4 Rxd4 20. Nb3 Rd7 21.
Rfe1 Rcd8 22. Bf5 Qd6 23. Bh3 Qc6 24. Rac1 Qh1# 0-1

[Event "Indywidualne Mistrzostwa Polski Mlodzikow do lat 10 - Chlopcy"]
[Site "Szklarska Poreba"]
[Date "1899-12-30"]
[Round "5.21"]
[White "Dobrowolski, Kamil"]
[Black "Micula, Jakub"]
[Result "0-1"]
[WhiteTitle "III"]
[BlackTitle "II+"]
[WhiteElo "1006"]
[BlackElo "1357"]

1. e4 c5 2. Nf3 Nc6 3. d4 cxd4 4. Nxd4 Nf6 5. Nxc6 bxc6 6. e5 Qa5+ 7. Bd2 Qxe5+
8. Be2 e6 9. Nc3 d5 10. Be3 Bb4 11. Qd3 c5 12. Bd2 O-O 13. a3 Ba5 14. Bc1 d4 15.
b4 cxb4 16. Nb1 b3+ 17. Bd2 Bxd2+ 18. Nxd2 bxc2 19. Rc1 Rd8 20. Rxc2 Ba6 21. Qf3
d3 22. Rc6 Bb7 23. Nc4 Qxe2+ 0-1

[Event "Indywidualne Mistrzostwa Polski Mlodzikow do lat 10 - Chlopcy"]
[Site "Szklarska Poreba"]
[Date "1899-12-30"]
[Round "5.22"]
[White "Jablonski, Dawid"]
[Black "Dobosiewicz, Dawid"]
[Result "1-0"]
[WhiteTitle "II"]
[BlackTitle "II"]
[WhiteElo "1087"]
[BlackElo "1263"]

1. d4 d5 2. c4 c6 3. cxd5 cxd5 4. Nc3 Nf6 5. Bf4 Nc6 6. Nf3 a6 7. e3 Bg4 8. Be2
e6 9. O-O Be7 10. Rc1 O-O 11. Re1 Nh5 12. Bg3 Nxg3 13. fxg3 Bf5 14. Bd3 Bg6 15.
Rf1 Bd6 16. Bxg6 hxg6 17. Qe2 Ne7 18. e4 dxe4 19. Qxe4 b5 20. Ng5 Nf5 21. Nxe6
fxe6 22. Qxe6+ Rf7 23. g4 Qh4 24. h3 Qg3 25. gxf5 Qh2+ 26. Kf2 Qg3+ 27. Ke2 Kf8
28. fxg6 Qxg2+ 29. Kd3 Rxf1 30. Qxd6+ Kg8 31. Qe6+ Kh8 32. Rxf1 Qxf1+ 33. Kd2
Qf4+ 34. Kd3 Qg3+ 35. Kd2 Rf8 36. Ne2 Qg5+ 37. Kc2 Qf6 38. Qg4 Qc6+ 39. Kd2 Kg8
40. Qh5 Re8 41. Qh7+ Kf8 42. Qh8+ Ke7 43. Qxg7+ Kd8 44. Qf7 Rxe2+ 45. Kxe2 Qc2+
46. Ke3 Qc1+ 47. Ke4 Qe1+ 48. Kf5 Qf2+ 49. Kg5 Qg3+ 50. Kh6 Qxh3+ 51. Kg7 Qh5
52. d5 Qe2 53. d6 Qxb2+ 54. Qf6+ Qxf6+ 55. Kxf6 Ke8 56. g7 b4 57. g8=Q+ Kd7 58.
Qd5 Ke8 59. Qb7 Kd8 60. Qc7+ Ke8 61. Qe7# 1-0

[Event "Indywidualne Mistrzostwa Polski Mlodzikow do lat 10 - Chlopcy"]
[Site "Szklarska Poreba"]
[Date "1899-12-30"]
[Round "5.23"]
[White "Dunda, Szymon"]
[Black "Balis, Sebastian"]
[Result "1/2-1/2"]
[WhiteTitle "II"]
[BlackTitle "II"]
[WhiteElo "1030"]
[BlackElo "1253"]

1. e4 c5 2. Nc3 e6 3. g3 d5 4. exd5 exd5 5. Bg2 Nf6 6. d3 Nc6 7. Bg5 Be7 8. Bxf6
Bxf6 9. Nge2 Be6 10. O-O d4 11. Ne4 Be7 12. Nf4 Bf5 13. Re1 O-O 14. Qh5 Qd7 15.
h3 Rad8 16. g4 Bg6 17. Nxc5 Bxh5 18. Nxd7 Rxd7 19. Nxh5 Nb4 20. Re2 b6 21. a3
Na6 22. Rae1 Bg5 23. Ng3 g6 24. Ne4 Be7 25. Nd2 Bf6 26. Ne4 Bg7 27. Nd2 Rc7 28.
Nb3 Nc5 29. Re7 Rfc8 30. Re8+ Rxe8 31. Rxe8+ Bf8 32. Nxd4 Nd7 33. Re2 Bg7 34.
Nb5 Rc5 35. Re8+ Nf8 36. Nxa7 Rxc2 37. Bf1 Bxb2 38. Re2 Rxe2 39. Bxe2 Bxa3 40.
d4 Ne6 41. d5 Nf4 42. Bc4 Nxh3+ 43. Kf1 Bc5 44. f3 Ng5 45. Kg2 Kg7 46. Bd3 h6
47. Nc8 Kf6 48. Bc4 Ke5 49. Kg3 f6 50. f4+ Kd4 51. fxg5 hxg5 52. Ba2 Ke5 1/2-1/2

[Event "Indywidualne Mistrzostwa Polski Mlodzikow do lat 10 - Chlopcy"]
[Site "Szklarska Poreba"]
[Date "1899-12-30"]
[Round "5.24"]
[White "Nocek, Dominik"]
[Black "Futyma, Dawid"]
[Result "1-0"]
[WhiteTitle "II"]
[BlackTitle "II"]
[WhiteElo "1232"]
[BlackElo "1044"]

1. e4 c6 2. Nf3 d5 3. Nc3 dxe4 4. Nxe4 Bf5 5. Ng3 Bg6 6. h4 h5 7. Ne5 Qd6 8. d4
Nd7 9. Bf4 Qe6 10. Bc4 Qf6 11. Bg5 Qd6 12. Qe2 Nb6 13. Nf5 Bxf5 14. Bxf7+ Kd8
15. Bxg8 Kc7 16. Nf7 Qd5 17. Bf4+ e5 18. Qxe5+ Kd7 19. Qc7+ Ke8 20. Nd6+ Bxd6
21. Bxd6 Qe4+ 22. Kf1 Rc8 23. Bf7# 1-0

[Event "Indywidualne Mistrzostwa Polski Mlodzikow do lat 10 - Chlopcy"]
[Site "Szklarska Poreba"]
[Date "1899-12-30"]
[Round "5.25"]
[White "Jaszczuk, Piotr"]
[Black "Zabrzanski, Marcin"]
[Result "1-0"]
[WhiteTitle "II"]
[BlackTitle "II"]
[WhiteElo "1112"]
[BlackElo "1013"]

1. e4 c5 2. Nf3 e6 3. d4 cxd4 4. Nxd4 a6 5. Bd3 b5 6. O-O Be7 7. a4 b4 8. Nd2 Qc7
9. Nc4 Nc6 10. Be3 Bb7 11. Qe2 Nf6 12. Nxc6 Bxc6 13. f3 d6 14. Nb6 Rb8 15. a5
Bb7 16. Bxa6 Bxa6 17. Qxa6 Qxc2 18. Qb5+ Nd7 19. Qxd7+ Kf8 20. a6 Rd8 21. a7 Qd3
22. Bf2 g6 23. a8=Q Kg7 24. Qaxd8 Rxd8 25. Qxe7 Rb8 26. Nd7 Qb5 27. Nxb8 1-0

[Event "Indywidualne Mistrzostwa Polski Mlodzikow do lat 10 - Chlopcy"]
[Site "Szklarska Poreba"]
[Date "1899-12-30"]
[Round "5.27"]
[White "Wolski, Ernest"]
[Black "Chomicki, Kornel"]
[Result "0-1"]
[WhiteTitle "II"]
[BlackTitle "II"]
[WhiteElo "1004"]
[BlackElo "1091"]

1. e4 e5 2. Nf3 Nc6 3. Bc4 Bc5 4. O-O Nf6 5. d3 d6 6. Nc3 Bg4 7. Be3 Bb6 8. Bb5
Bd7 9. Bxc6 Bxc6 10. Bg5 h6 11. Bxf6 Qxf6 12. b4 a6 13. a4 Rc8 14. b5 axb5 15.
axb5 Bd7 16. Nd5 Qd8 17. c4 c6 18. bxc6 bxc6 19. Nxb6 Qxb6 20. Qd2 O-O 21. Rfb1
Qc7 22. Rb2 Rb8 23. Rab1 Rxb2 24. Qxb2 f6 25. Qa3 Rb8 26. Rxb8+ Qxb8 27. h3 c5
28. Nd2 Kf7 29. Kf1 Ke7 30. Ke2 Qb7 31. Qb3 Qa7 32. h4 Ba4 33. Qa3 Bd1+ 0-1

[Event "Indywidualne Mistrzostwa Polski Mlodzikow do lat 10 - Chlopcy"]
[Site "Szklarska Poreba"]
[Date "1899-12-30"]
[Round "5.28"]
[White "Chmielewski, Jakub"]
[Black "Karwot, Marek"]
[Result "0-1"]
[WhiteTitle "II"]
[BlackTitle "III"]
[WhiteElo "1098"]
[BlackElo "1006"]

1. e4 c5 2. c3 g6 3. d4 cxd4 4. cxd4 d5 5. e5 Nc6 6. Nc3 Bg7 7. Bb5 a6 8. Ba4 e6
9. Nf3 b5 10. Bc2 Nge7 11. O-O O-O 12. Bg5 Bb7 13. a3 Qd7 14. Nd2 Nxd4 15. f4
Nxc2 16. Qxc2 Nf5 17. Qd3 Rac8 18. Rac1 Rc7 19. Rc2 Rfc8 20. Rfc1 d4 21. Ne2 Rxc2
22. Rxc2 Rxc2 23. Qxc2 d3 24. Qd1 dxe2 25. Qxe2 Qd4+ 26. Kf1 Ne3+ 27. Kf2 Nc4+
28. Ke1 Qxd2+ 29. Qxd2 Nxd2 30. Kxd2 h6 31. Be7 Kh7 32. g4 g5 33. Ke3 Kg6 34.
Bd8 f6 35. Bc7 gxf4+ 36. Kxf4 fxe5+ 37. Bxe5 Bxe5+ 38. Kxe5 Bd5 39. h4 a5 40.
Kd6 a4 41. Ke5 Bc4 42. Ke4 Kf6 43. Kf4 e5+ 44. Ke4 Ke6 45. g5 hxg5 46. hxg5 Ba2
47. g6 Bb1+ 48. Ke3 Bxg6 49. Ke2 e4 50. Kf2 Ke5 51. Ke3 Bf7 52. Ke2 Kd4 53. Kd2
e3+ 54. Ke2 Ke4 55. Ke1 Kd3 56. b4 axb3 57. a4 e2 58. axb5 Ke3 0-1

[Event "Indywidualne Mistrzostwa Polski Mlodzikow do lat 10 - Chlopcy"]
[Site "Szklarska Poreba"]
[Date "1899-12-30"]
[Round "6.1"]
[White "Sowinski, Pawel"]
[Black "Wielgus, Wojciech"]
[Result "1-0"]
[WhiteTitle "I"]
[BlackTitle "I"]
[WhiteElo "1427"]
[BlackElo "1572"]

1. Nf3 d5 2. d4 Nf6 3. Bf4 c5 4. e3 Nc6 5. Nc3 Bg4 6. h3 Bxf3 7. gxf3 cxd4 8. exd4
Qb6 9. Bb5 e6 10. O-O g6 11. Qd3 a6 12. Bxc6+ Qxc6 13. Be5 Bg7 14. Qe3 O-O 15.
h4 Nh5 16. Rac1 f6 17. Bg3 e5 18. Rcd1 Rad8 19. Qd3 Nxg3 20. fxg3 Qb6 21. Na4
Qc6 22. Qb3 b5 23. Nc3 Qc4 24. Qxc4 dxc4 25. dxe5 fxe5 26. Nd5 Kf7 27. c3 Rd7
28. f4 Ke6 29. Nb4 Rxd1 30. Rxd1 exf4 31. Nxa6 fxg3 32. Nc7+ Ke7 33. Nxb5 Rb8
34. a4 Be5 35. Re1 Kf6 36. Re4 Rd8 37. Nd4 Rd5 38. Nf3 Rd1+ 39. Kg2 Bb8 40. Rxc4
Rb1 41. Rb4 Bd6 42. Rb6 Ke7 43. a5 Ra1 44. a6 Kd7 45. Nd4 Kc7 46. Rc6+ Kd7 47.
a7 Ra2 48. Rb6 Bc5 49. Rb7+ Kd6 50. Kxg3 h5 51. b4 Bxd4 52. cxd4 Kc6 53. Rg7 Kb5
54. d5 Kxb4 55. d6 Kc5 56. d7 Rxa7 57. d8=Q Rxg7 58. Qf8+ Kd5 1-0

[Event "Indywidualne Mistrzostwa Polski Mlodzikow do lat 10 - Chlopcy"]
[Site "Szklarska Poreba"]
[Date "1899-12-30"]
[Round "6.2"]
[White "Komendecki, Antoni"]
[Black "Warchol, Kamil"]
[Result "0-1"]
[WhiteTitle "II"]
[BlackTitle "CM"]
[WhiteElo "1271"]
[BlackElo "1622"]

1. e4 c5 2. Nf3 Nc6 3. d4 cxd4 4. Nxd4 Nf6 5. Nc3 d6 6. Bg5 Qb6 7. Bxf6 gxf6 8.
Nb3 e6 9. Qd2 a6 10. O-O-O Bd7 11. f4 O-O-O 12. g4 h5 13. Be2 hxg4 14. Bxg4 Rh4
15. h3 Ne7 16. Qxd6 Qxd6 17. Rxd6 Ng6 18. Rd4 Nxf4 19. Rhd1 Be7 20. Na5 Bc6 21.
Nxc6 bxc6 22. Rxd8+ Bxd8 23. Rh1 Ba5 24. Nd1 Kc7 25. Ne3 Bb6 26. Kd2 Ng6 27. Ng2
Rh6 28. Ke2 Ne5 29. Rf1 Rg6 30. Nf4 Rh6 31. Ng2 Nxg4 32. hxg4 Rh2 33. Kf3 Rh3+
34. Kf4 Kd7 35. Rd1+ Ke7 36. e5 Bc7 37. c3 Bxe5+ 38. Ke4 Rh2 39. Rd2 Rh3 40. Re2
Rg3 41. Ne3 Bc7 42. Rg2 Rxg2 43. Nxg2 Kd6 44. b4 c5 45. Ne3 Kc6 46. a4 Bd6 47.
Nc2 Be5 48. c4 cxb4 49. Nxb4+ Kb6 50. c5+ Kxc5 51. Nxa6+ Kc4 52. Kf3 Bd6 53. Ke4
Kb3 54. a5 Kc4 0-1

[Event "Indywidualne Mistrzostwa Polski Mlodzikow do lat 10 - Chlopcy"]
[Site "Szklarska Poreba"]
[Date "1899-12-30"]
[Round "6.3"]
[White "Liskiewicz, Jakub"]
[Black "Bartodziej, Bartosz"]
[Result "0-1"]
[WhiteTitle "I"]
[BlackTitle "II+"]
[WhiteElo "1260"]
[BlackElo "1539"]

1. d4 Nf6 2. c4 g6 3. Nc3 d5 4. cxd5 Nxd5 5. Na4 Nf6 6. Nf3 Bg7 7. Nc3 Nd5 8. Na4
O-O 9. e4 Nb4 10. a3 N4c6 11. Be3 Bg4 12. d5 Ne5 13. Be2 Bxf3 14. gxf3 c6 15.
dxc6 Nbxc6 16. f4 Nd7 17. h4 e5 18. f5 Nd4 19. fxg6 hxg6 20. h5 Qa5+ 21. Nc3 Rac8
22. Bd2 Qc5 23. Rc1 Qd6 24. hxg6 fxg6 25. Be3 Nb6 26. Rg1 Rcd8 27. Nb5 Qf6 28.
Rc7 Nf3+ 29. Bxf3 Rxd1+ 30. Bxd1 Qe6 31. Rc3 Qh3 32. Bb3+ Kh7 33. Rg3 Qh1+ 34.
Ke2 Qh5+ 35. Kf1 Rf3 36. Bxb6 Rxg3 37. Rxg3 axb6 38. Kg2 Qe2 39. Ba4 Qxe4+ 40.
Kg1 Qxa4 41. Nd6 Qd1+ 42. Kg2 Qxd6 43. Rh3+ Bh6 44. Rc3 Qd2 45. Rc7+ Bg7 46. b4
e4 47. Kf1 Qf4 48. Re7 Kh6 49. a4 Qd6 50. Rxe4 Qd3+ 51. Re2 Kg5 52. Ke1 Bc3+ 53.
Kf1 Kf4 54. a5 Kf3 55. a6 Qd1+ 56. Re1 Qxe1# 57. Kxe1 0-1

[Event "Indywidualne Mistrzostwa Polski Mlodzikow do lat 10 - Chlopcy"]
[Site "Szklarska Poreba"]
[Date "1899-12-30"]
[Round "6.4"]
[White "Hryniewicz, Maciej"]
[Black "Mulawa, Cyprian"]
[Result "0-1"]
[WhiteTitle "II"]
[BlackTitle "II"]
[WhiteElo "1133"]
[BlackElo "1449"]

1. e4 c5 2. Nf3 Nc6 3. c3 d5 4. exd5 Qxd5 5. d4 Bg4 6. Be2 e6 7. Be3 cxd4 8. cxd4
Nf6 9. Nc3 Bb4 10. O-O Qd6 11. Nb5 Qb8 12. h3 Bh5 13. Qd3 a6 14. Nc3 O-O 15. Bg5
Bg6 16. Qe3 Nd5 17. Nxd5 exd5 18. a3 Re8 19. Qb3 Rxe2 20. axb4 Qd6 21. b5 Qb4
22. Qxd5 Be4 23. Qc5 Bxf3 24. bxc6 Qxc5 25. dxc5 Bxc6 26. Rab1 Rae8 27. Be3 Be4
28. Rfe1 Rc2 29. Bd4 Kf8 30. f3 Bc6 31. Rxe8+ Bxe8 32. Re1 Bc6 33. Bc3 Bb5 34.
Rd1 f6 35. Rd8+ Kf7 36. Rc8 Re2 37. b4 Re8 38. Rc7+ Re7 39. Rc8 Ke6 40. Rh8 h6
41. Kf2 Kd5 42. Rh7 Rd7 43. Be1 Ke6 44. Rh8 Kf7 45. Rc8 0-1

[Event "Indywidualne Mistrzostwa Polski Mlodzikow do lat 10 - Chlopcy"]
[Site "Szklarska Poreba"]
[Date "1899-12-30"]
[Round "6.5"]
[White "Suska, Szymon"]
[Black "Kubik, Bartosz"]
[Result "1/2-1/2"]
[WhiteTitle "II"]
[BlackTitle "II"]
[WhiteElo "1362"]
[BlackElo "1148"]

1. e4 e5 2. Nc3 Nf6 3. Bc4 Bc5 4. d3 c6 5. Nf3 d6 6. O-O Bg4 7. h3 Bh5 8. Bg5 h6
9. Bh4 g5 10. Bg3 g4 11. hxg4 Bxg4 12. Bh4 Nbd7 13. a3 Bb6 14. Nb1 Rg8 15. Nbd2
Qc7 16. d4 exd4 17. Be2 O-O-O 18. Nh2 Bxe2 19. Qxe2 Rg6 20. Nc4 Rdg8 21. g3 Re8
22. f3 Bc5 23. Kg2 d5 24. b4 Bb6 25. Nxb6+ Nxb6 26. Rad1 Nh5 27. Qf2 dxe4 28.
fxe4 Kb8 29. Rxd4 Reg8 30. Rd3 Rf8 1/2-1/2

[Event "Indywidualne Mistrzostwa Polski Mlodzikow do lat 10 - Chlopcy"]
[Site "Szklarska Poreba"]
[Date "1899-12-30"]
[Round "6.6"]
[White "Przybylski, Jan"]
[Black "Rosa, Antoni"]
[Result "1/2-1/2"]
[WhiteTitle "II"]
[BlackTitle "II"]
[WhiteElo "1140"]
[BlackElo "1203"]

1. e4 c5 2. Nf3 e6 3. d4 cxd4 4. Nxd4 Nc6 5. Nb5 a6 6. Nd6+ Bxd6 7. Qxd6 Nf6 8.
Nc3 Qe7 9. Qxe7+ Kxe7 10. Bd2 b5 11. a3 Bb7 12. f3 Rhd8 13. O-O-O h6 14. Be3 d6
15. Be2 Ne5 16. Rd2 d5 17. exd5 Nxd5 18. Nxd5+ Rxd5 19. Rhd1 Rad8 20. Rxd5 Rxd5
21. Rxd5 exd5 22. b3 f6 23. Kd2 Kd6 24. Kc3 g5 25. f4 Nc6 26. fxg5 fxg5 27. g3
Ke5 28. Kd2 d4 29. Bf2 Ne7 30. Kd3 Be4+ 31. Kd2 Nd5 32. a4 Nc3 33. axb5 axb5 34.
Bd3 b4 35. g4 Bf3 36. Bf5 Ne4+ 37. Ke1 Nxf2 38. Kxf2 Kf4 39. h3 Bd5 40. Bd3 Bb7
41. Bf5 1/2-1/2

[Event "Indywidualne Mistrzostwa Polski Mlodzikow do lat 10 - Chlopcy"]
[Site "Szklarska Poreba"]
[Date "1899-12-30"]
[Round "6.7"]
[White "Grobelny, Mikolaj"]
[Black "Oglaza, Dawid"]
[Result "0-1"]
[WhiteTitle "II+"]
[BlackTitle "II"]
[WhiteElo "1177"]
[BlackElo "1124"]

1. e4 e5 2. Nf3 Nc6 3. Bc4 Bc5 4. c3 Nf6 5. d3 h6 6. h3 O-O 7. O-O d6 8. Re1 Qe7
9. a4 a5 10. Nbd2 Be6 11. Bxe6 fxe6 12. Nf1 Nh5 13. Be3 Bxe3 14. fxe3 Qf7 15.
Re2 Qg6 16. Kh2 d5 17. exd5 exd5 18. Rd2 e4 19. dxe4 dxe4 20. Nd4 Nxd4 21. cxd4
Rf7 22. Qe1 Raf8 23. Ng3 Qd6 24. Rc1 Rf1 25. Qxf1 Rxf1 26. Rxf1 Nxg3 27. Rf4 Nf1+
28. Kg1 Nxd2 29. Kf2 Qb4 30. Kg3 Qb3 31. Kg4 Qxe3 32. Rf5 Nf1 33. d5 Qg3+ 34.
Kh5 g6+ 35. Kxh6 gxf5 36. h4 Kf7 37. Kh7 Qg7# 0-1